Czy wiesz cokolwiek o Szekspirze? - Statystyki

Ogólne statystyki
  • Ten quiz został rozwiązany 6 razy
  • Średni wynik to 10 z 15
Statystyki odpowiedzi
Zagadnienie Odpowiedź % Poprawnych
Ile lat miała Julia w "Romeo i Julii"? 13
100%
Jaki rekwizyt trzyma Hamlet, gdy mówi: „Och, biedny Yorick!” Czaszkę
100%
Gdzie rozgrywała się akcja „Hamleta”? Dania
100%
Który z poniższych tytułów jest tytułem prawdziwej sztuki Szekspira? Poskromienie złośnicy
100%
Za co Ryszard III oddałby swoje królestwo? Konia
67%
Tytułu jakiej sztuki aktorzy boją się wypowiedzieć na głos, bojąc się pecha? Makbet
67%
Jakiej narodowości jest Otello? Mauretańskiej
67%
Jak nazywa się czarodziej z "Burzy"? Prospero
67%
Gdzie urodził się Szekspir? Stratford-upon-Avon
67%
Kto właściwie napisał większość sztuk Szekspira? William Szekspir
67%
Pod jakim przydomkiem powszechnie znany jest William Szekspir? The Bard
50%
W którym londyńskim teatrze pierwotnie wystawiano wiele sztuk Szekspira? The Globe
50%
Jakiego rodzaju stworzeniem jest Puck? Wróżką
33%
Czego domagał się Shylock w „Kupcu weneckim”? Funta mięsa
17%
Które z tych słów NIE pojawia się w tytule sztuki Szekspira? Samotność
0%
Nie znaleziono quizów pasujących do podanych kryteriów
Rozkład punktacji
Procent ludzi z każdym wynikiem
Percentyl według liczby udzielonych odpowiedzi
Twoja historia wyników
Nie rozwiązałeś tego quizu